| 000 | 01204cam a2200325 i 4500 | ||
|---|---|---|---|
| 999 |
_c200441622 _d59834 |
||
| 001 | 200441622 | ||
| 003 | TR-AnTOB | ||
| 005 | 20240824073709.0 | ||
| 007 | ta | ||
| 008 | 700710s1969 fr a b 100 0 eng | ||
| 010 | _a 72473662 | ||
| 040 |
_aDLC _beng _erda _cDLC _dTR-AnTOB |
||
| 041 | 0 | _aeng | |
| 050 | 0 | 4 |
_aSF207 _b.S46 1968 |
| 090 |
_aSF207 _b.S46 1968 |
||
| 111 | 2 |
_aSeminar on the Development of Beef and Veal Production in OECD Countries in the Mediterranean Area _d(1968 : _cDubrovnik, Yugoslavia) _9139326 |
|
| 245 | 1 | 4 |
_aThe development of the production of beef and veal : _bMediterranean countries of OECD, Dubrovnik, 16-20 Sept. 1968. |
| 264 | 1 |
_a[Paris] : _bOrganization for Economic Cooperation and Development, _c[1969] |
|
| 300 |
_a167 pages : _billustrations ; _c24 cm |
||
| 336 |
_2rdacontent _atext _btxt |
||
| 337 |
_2rdamedia _aunmediated _bn |
||
| 338 |
_2rdacarrier _avolume _bnc |
||
| 500 | _aSeminar organized by OECD. | ||
| 504 | _aBIB | ||
| 650 | 0 |
_aBeef cattle _zMediterranean region _vCongresses _9139327 |
|
| 710 | 2 |
_aOrganisation for Economic Co-operation and Development _933753 |
|
| 942 |
_2lcc _cBK |
||